| Tag |
First Indicator |
Second Indicator |
Subfields |
| LEADER |
00000cam a2200000 4500 |
| 001 |
in00000722012 |
| 005 |
20151016055743.0 |
| 008 |
720929s1963 nyuabc 00000aeng u |
| 010 |
|
|
|a 63016515
|
| 035 |
|
|
|a (OCoLC)00419771
|
| 035 |
|
|
|9 ADC8133AM
|
| 040 |
|
|
|c WSU
|d TXA
|d UtOrBLW
|
| 049 |
|
|
|a TXAM
|c [364863]
|
| 050 |
|
0 |
|a E99.E7
|b R6
|
| 092 |
|
|
|a 917.98
|b R685
|
| 100 |
1 |
|
|a Rodahl, Kåre,
|d 1917-2008.
|
| 245 |
1 |
4 |
|a The last of the few.
|
| 250 |
|
|
|a [1st ed.]
|b Line drawings by Dorothy Robinson.
|
| 264 |
|
1 |
|a New York :
|b Harper & Row,
|c [1963]
|
| 300 |
|
|
|a x, 208 pages :
|b illustrations, portraits, folded color map. ;
|c 22 cm.
|
| 336 |
|
|
|a text
|b txt
|2 rdacontent
|
| 337 |
|
|
|a unmediated
|b n
|2 rdamedia
|
| 338 |
|
|
|a volume
|b nc
|2 rdacarrier
|
| 650 |
|
0 |
|a Eskimos
|z Alaska.
|
| 651 |
|
0 |
|a Alaska
|x Description and travel.
|
| 999 |
|
|
|a MARS
|
| 999 |
f |
f |
|s 47609f13-fd77-3c48-bfe3-a7713884f49c
|i b3dcb6f5-445f-3f65-a96d-963bbf462800
|t 0
|
| 952 |
f |
f |
|p ric
|a Texas A&M University
|b Rellis Campus
|c Joint Library Facility
|d Remote Storage
|t 0
|e E99.E7 R6
|h Library of Congress classification
|i unmediated -- volume
|m A14801439259
|
| 998 |
f |
f |
|a E99.E7 R6
|t 0
|l Remote Storage
|